Города по Фото — Э - Statistics

General Stats
  • This quiz has been taken 15 times
  • The average score is 2 of 9
Answer Stats
Picture Hint Answer % Correct
Эдинбург
75%
Элиста
58%
Эр-Рияд
42%
Эль-Кувейт
17%
Подсказка: сыр Эдам
17%
Эрфурт
8%
Эдирне
8%
Этрета
0%
Эль-Джем
0%
No matching quizzes found
Score Distribution
Percent of People with Each Score
Percentile by Number Answered
Your Score History
You have not taken this quiz